North America Ski Resorts Map Quiz - Statistics

General Stats
  • This quiz has been taken 264 times
    153 since last reset
  • The average score is 13 of 20
Answers on the Map
Answers color-coded by a green-red scale on the quiz's map according to % correct below.
 
Answer Stats
Answer % Correct
Big Sky
90%
Jackson Hole
88%
Whistler
82%
Banff
81%
Mammoth
79%
Alta
76%
Palisades Tahoe
76%
Taos
75%
Mont Tremblant
72%
Sun Valley
71%
Telluride
67%
Aspen Snowmass
62%
Steamboat
56%
Smugglers' Notch
53%
Vail
53%
Crystal
52%
Breckenridge
51%
Snowshoe
50%
Bretton Woods
48%
Powder Mountain
46%
No matching quizzes found
Score Distribution
Percent of People with Each Score
Percentile by Number Answered
Your Score History
You have not taken this quiz since the last reset